FNaF Quiz - Statistics

General Stats
  • This quiz has been taken 87 times
  • The average score is 33 of 67
Answer Stats
Answer % Correct
Freddy
100%
Chica
92%
Foxy
92%
Bonnie
90%
Golden Freddy
88%
Mangle
75%
Puppet
73%
Toy Bonnie
73%
Toy Chica
73%
Nightmare
71%
Toy Freddy
69%
Nightmare Freddy
68%
SpringTrap
68%
Balloon Boy
66%
Nightmare Chica
66%
Withered Bonnie
66%
Withered Freddy
66%
Nightmare Foxy
64%
Nightmare Fredbear
64%
Phantom Chica
64%
Shadow Bonnie
64%
Withered Chica
64%
Nightmare Bonnie
63%
Shadow Freddy
63%
Withered Foxy
61%
Ballora
59%
Nightmare Balloon Boy
59%
Phantom Mangle
59%
Circus Baby
58%
Phantom Foxy
58%
Phantom Freddy
58%
Phantom Puppet
58%
Phantom Balloon Boy
54%
Funtime Foxy
53%
Nightmare Mangle
53%
Funtime Freddy
51%
Jack-O-Chica
51%
PlushTrap
51%
Jack-O-Bonnie
49%
Ennard
46%
Nightmarionne
46%
Phone Guy
41%
Rockstar Freddy
39%
Rockstar Chica
37%
Rockstar Bonnie
36%
Funtime Chica
32%
Lefty
32%
Mr. Hippo
32%
Rockstar Foxy
32%
Scrap Baby
32%
Molten Freddy
31%
Pig Patch
31%
Happy Frog
29%
Nedd Bear
29%
Helpy
27%
Orville Elephant
27%
El Chip
22%
Jay Jay
20%
Music Man
20%
Purple Guy
20%
Crying Child
17%
Yendo
14%
Candy Cadet
10%
Glitchtrap
10%
Trash and the Gang
8%
Henry
7%
Hand Unit
3%
No matching quizzes found
Score Distribution
Percent of People with Each Score
Percentile by Number Answered
Your Score History
You have not taken this quiz